| 000 | 00474cam a2200145 4500500 | ||
|---|---|---|---|
| 005 | 20251228095034.0 | ||
| 041 | _afre | ||
| 042 | _adc | ||
| 100 | 1 | 0 |
_aLe Moing, Monique _eauthor |
| 245 | 0 | 0 | _aPatrick Autréaux, Les Irréguliers, Paris, Gallimard, 2015, 131 pages |
| 260 | _c2015. | ||
| 500 | _a5 | ||
| 786 | 0 | _nSigila | 36 | 2 | 2015-10-01 | p. 202f-202f | 1286-1715 | |
| 856 | 4 | 1 | _uhttps://shs.cairn.info/revue-sigila-2015-2-page-202f?lang=fr&redirect-ssocas=7080 |
| 999 |
_c1605438 _d1605438 |
||